000 00611nam a22002052 4500
001 0000009661
005 20151217160121.0
008 081114s xx 000 0 eng d
020 _a0895652617 :
040 _aKABU
_cKABU
100 1 _aMoncure, Jane Belk.
_@0000000033
245 1 0 _aWord bird makes words with duck /
_cJane Belk Moncure; illus. by Linda Hohag.
250 _a1st ed.
260 _aMankato, MN. :
_bChild's World,
_c1984.
300 _a32 p.
700 1 _aHohag, Linda.
_@0000161386
852 1 _9p100 KES
908 _a081114
950 _@1
999 _c14533
_d14533